| 000 | 01000nam a22002897a 4500 | ||
|---|---|---|---|
| 003 | EG-ScBUE | ||
| 005 | 20250202101141.0 | ||
| 008 | 210923s2025 ua f 000 j ara d | ||
| 017 | _a2024/30593 | ||
| 020 | _a9789770939413 | ||
| 040 |
_aEG-ScBUE _bara _erda _cEG-ScBUE _dEG-ScBUE |
||
| 082 | 0 | 4 |
_a892.746 _bم خ ز _222 |
| 100 | 1 |
_aالمخزنجي، محمد، _eمؤلف. |
|
| 245 | 1 | 2 |
_aالموت ييضحك : _bقصص لها قصة / _cمحمد المخزنجي. |
| 250 | _aالطبعة الأولى. | ||
| 264 | 1 |
_aالقاهرة : _bدار الشروق، _c2025. |
|
| 300 |
_a163 صفحة ؛ _c21 سم |
||
| 336 |
_2rdacontent _aنص _btxt |
||
| 337 |
_2rdamedia _aبدون وسيط _bn |
||
| 338 |
_2rdacarrier _aمجلد _bnc |
||
| 541 | _aBook Fair 2025. | ||
| 650 | 7 |
_aالقصص العربية القصيرة _yقرن 21. _2BUEsh |
|
| 650 | 7 |
_aالأدب العربي _yقرن 21. _2BUEsh |
|
| 653 |
_aBUEsh _bARALIT _cFebruary2025 |
||
| 655 | 7 |
_2BUEsh _vReading book |
|
| 942 | _2ddc | ||
| 999 |
_c30843 _d30814 |
||